Theory of categories
Պահպանված է:
| Հիմնական հեղինակներ: | , |
|---|---|
| Ձևաչափ: | Գիրք |
| Լեզու: | անգլերեն |
| Հրապարակվել է: |
Bucarest
Academiei
1979
|
| Խորագրեր: | |
| Ցուցիչներ: |
Ավելացրեք ցուցիչ
Չկան պիտակներ, Եղեք առաջինը, ով նշում է այս գրառումը!
|
MARC
| LEADER | 00000nam a2200000 a 4500 | ||
|---|---|---|---|
| 001 | UCQ9204 | ||
| 003 | CL-VaPUC | ||
| 008 | 981230e19790000RM |||||||||||||||||eng|d | ||
| 082 | 0 | 4 | |a 512.55 |b POP |2 21 |
| 100 | 0 | |a Poppescu, Nicolae |e author |9 423676 | |
| 700 | 0 | |a Popescu, Liliana |e author |9 423677 | |
| 245 | 1 | 0 | |a Theory of categories |
| 300 | |a 337 p | ||
| 942 | |c BK | ||
| 945 | |d 19981230 00:00:00 |a crobeson | ||
| 260 | |a Bucarest |b Academiei |c 1979 | ||
| 650 | 7 | |a CATEGORIAS |2 CL-VaPUC |9 370232 | |
| 650 | 7 | |a CATEGORIAS ALGEBRAICAS |2 CL-VaPUC |9 423678 | |
| 650 | 7 | |a CATEGORIAS ABELIANAS |2 CL-VaPUC |9 423035 | |
| 583 | |a last modification |c 19981230 00:00:00 |k Rodrigo Vera | ||
| 999 | |c 278290 |d 278288 | ||
| 952 | |0 0 |1 0 |4 0 |6 512_550000000000000_POP_1979 |7 0 |8 A |9 316760 |a BIBMAT |b BIBMAT |d 2019-11-20 |i 1313193 |o 512.55 POP 1979 |p 1313193 |r 2025-01-07 |w 2019-11-20 |y BK |k MAT | ||